Благодатное знание

Bibliografiske detaljer
Hovedforfatter: Баласагуни Ю. Юсуф
Andre forfattere: Иванов С. Н. (переводчик), Фомкин М. С. (автор предисловия), Малехова А. Н. (составитель)
Sprog:russisk
Udgivet: Ленинград, Советский писатель, 1990
Serier:Библиотека поэта Большая серия. 3-е изд.
Fag:
Format: Bog
KOHA link:https://koha.lib.tpu.ru/cgi-bin/koha/opac-detail.pl?biblionumber=165806

MARC

LEADER 00000nam0a2200000 4500
001 165806
005 20231031161935.0
010 |a 5265014810 
020 |a RU  |b 91-6623 
035 |a (RuTPU)RU\TPU\book\179863 
090 |a 165806 
100 |a 20090922d1990 m y0rusy5003 ca 
101 1 |a rus 
102 |a RU 
105 |a a z 001gy 
200 1 |a Благодатное знание  |f Ю. Баласагуни  |g перевод С. Н. Иванов ; авт. предисл. М. С. Фомкин ; примеч. А. Н. Малехова 
210 |a Ленинград  |c Советский писатель  |c Ленингр. отд-ние  |d 1990 
215 |a 555,[1] с., [8] л. ил.  |d 21 см 
225 1 |a Библиотека поэта  |e Осн. М. Горьким в 1931 г  |a Большая серия. 3-е изд. 
320 |a Библиогр. в примеч.: с. 535-543 
320 |a Словарь: с. 544-549 
610 1 |a тюркские народы 
610 1 |a поэзия 
610 1 |a классика 
675 |a 894.375  |z rus 
700 1 |a Баласагуни  |b Ю.  |g Юсуф  |4 070 
702 1 |a Иванов  |b С. Н.  |4 730 
702 1 |a Фомкин  |b М. С.  |4 080 
702 1 |a Малехова  |b А. Н.  |4 220 
801 0 |a RU  |b RuMRKP  |c 19950417  |g psbo 
801 1 |a RU  |b 63413507  |c 20090922 
801 2 |a RU  |b 63413507  |c 20090922  |g RCR 
942 |c BK